000 00883nam a2200241Ia 4500
001 2395
003 GE_BSU
008 181216s||||||||xx |||||||||||||| ||und||
020 _a9789941003820
040 _cGE_BSU
080 _a11
100 _aშოპენჰაუერი, არტერ.
245 _aმშვენიერის მეტაფიზიკა.
245 _cგერმანულიდან თარგმ. ვლადიმერ ფეიქრიშვილმა. [რედ.ნოდარ ნათაძე].
260 _aთბილისი
260 _c2008
300 _a214გვ. ; 21სმ.
300 _bპარალ. თავფურც. გერმ.
541 _h7ლ.
653 _aმეტაფიზიკა.
653 _aმშვენიერის მეტაფიზიკა.
942 _cBK
999 _c36478
_d36478